Militaries Better Than Poland - Sudden Death - Statistics

General Stats
  • This quiz has been taken 31 times
  • The average score is 5 of 15
Answers on the Grid
Answers color-coded by a green-red scale on the quiz's grid according to % correct below.
Taiwan
Iran
Spain
Australia
Vietnam
Thailand
Saudi Arabia
Indonesia
Pakistan
Germany
Canada
Mexico
Sweden
Ukraine
Egypt
Algeria
Japan
Turkey
North Korea
Singapore
Greece
South Korea
France
Italy
Israel
Nigeria
Denmark
Philippines
India
Chile
 
Answer Stats
Answer % Correct
Germany
53%
Japan
53%
France
47%
Iran
47%
Spain
47%
Pakistan
35%
Turkey
35%
India
29%
Italy
29%
Australia
24%
Indonesia
18%
Israel
18%
South Korea
18%
Ukraine
18%
Egypt
6%
No matching quizzes found
Score Distribution
Percent of People with Each Score
Percentile by Number Answered
Your Score History
You have not taken this quiz